000 00616nam a2200229Ia 4500
003 OSt
005 20221007063609.0
006 a|||||r|||| 00| 0
007 ta
008 221006b |||||||| |||| 00| 0 eng d
024 _a28,696
037 _cTextual
040 _aFLL
_cFLL
_beng
041 _2eng
_aeng
082 _aZQ2:19, J2
100 _aMukherjea B.K.
_9684543
245 0 _aHindu law of religious & charitable trusts
260 _aCalcutta
_bEastern Law House India
_c1952
300 _aA378p
_ccm.
942 _hZQ2:19, J2
_cTEXL
_2CC
999 _c1131628
_d1131628